Normal view
MARC view
Entry Personal Name
001 - CONTROL NUMBER
- control field: 4560
003 - CONTROL NUMBER IDENTIFIER
- control field: BD-RjUL
005 - DATE AND TIME OF LATEST TRANSACTION
- control field: 20220831103616.0
008 - FIXED-LENGTH DATA ELEMENTS
- fixed length control field: 220831|| aca||aabn | a|a d
040 ## - CATALOGING SOURCE
- Original cataloging agency: BD-RjUL
- Transcribing agency: BD-RjUL
100 ## - HEADING--PERSONAL NAME
- Personal name: Aḥmad K̲h̲ān̲, Sayyid,
- Titles and other words associated with a name: Sir,
- Dates associated with a name: 1817-1898
670 ## - SOURCE DATA FOUND
- Source citation: Work cat.: (BD-RjUL)80266: Haque, Abdul 4559, سر سيد احمد خان : حالات وافكار # siru sayid aihmad khan :